1006 1186 1837 1561 1241 1790 1207 1601 1389 1944 1941 1042 1903 1096 1186 1638 1914 1377 1090 1086 1951 1386 1366 1225 1660 1078 1997 1956 1962 1933 1675 1341 1395 1339 1657 1818 1303 1766 1190 1425 1159 1451 1624 1055 1458 1734 1559 1722 1793 1440 1487 1057 1461 1459 1815 1501 1387 1130 1359 1596 1174 1951 1404 1687 1734 1647 1385 1010 1528 1497 1355 1317 1951 1753 1633 1127 1678 1540 1750 1280 1354 1704 1632 1584 1185 1502 1078 1282 1265 1339 1383 1706 1543 1144 1473 1776 1351 1566 1195 BCNSPRNW ULIB Ver.6.0+V

เปลี่ยนเป็นภาษาไทย

Change to English
 แสดงรายละเอียดบรรณานุกรม
  กลับหน้าหลัก

Brief Record : Get Marc (ISO 2709) : E-mail record : QR code < ปิดหน้าต่าง
LEADER : 00000nam 2200000uu 4500
001    13399111265
003     ULIB
008    110621s1999||||th 000 0 eng d
020    0874349427 (pbk.)
060 04 WX159^bM891 1999
245 00 Medication teaching aids
250    2nd ed.
260    Springhouse, Pa. :^bSrpinghouse Corp.,^c1999
300    v, 426 p. :^bill. ;^c28 cm.
504    Includes index
650  2 Drug Therapy^xHandbooks
650  2 Drugs^xAdministration & dosage^xHandbooks
650  2 Patient Education as Topic^xHandbooks
650  2 Pharmaceutical Preparations^xadministration & dosage
945    ^p0^l0^i011515
999 ^a ใช้งานได้ทุกระบบ
รายการนี้ยังไม่มีแท็ก
คุณยังไม่ได้ล็อกอิน คุณสามารถมีกิจกรรมร่วมกับเว็บไซต์ได้ แต่ต้องล็อกอินก่อน ::
  ล็อกอิน

รายการสื่อสารสนเทศ

ลำดับที่ ประเภท เลขเรียก/บาร์โค้ด สถานที่ สถานะ
- ไม่พบข้อมูล -

รายการใกล้เคียง
    หัวเรื่อง [Pharmaceutical Preparations administration & dosage]

BibComment


ยังไม่เคยถูกคอมเมนท์

คอมเมนท์ทรัพยากรรายการนี้
  คอมเมนท์: Medication teachi..


 Copyright 2026. Bcnsprnw @Library